| Tag |
First Indicator |
Second Indicator |
Subfields |
| LEADER |
00000cam a2200000 a 4500 |
| 001 |
in00000012157 |
| 005 |
20151007051754.0 |
| 008 |
860819s1987 enka bd 00110 eng |
| 010 |
|
|
|a 86023225
|
| 020 |
|
|
|a 0631148213 :
|c $24.95 (U.S.)
|
| 020 |
|
|
|a 0631148221 (pbk.) :
|c $8.95 (U.S.)
|
| 035 |
|
|
|a (OCoLC)14240677
|
| 035 |
|
|
|9 AAA4710AM
|
| 040 |
|
|
|a DLC
|c DLC
|d TXA
|d UtOrBLW
|
| 049 |
|
|
|a TXAM
|c [A12574850]
|
| 050 |
0 |
0 |
|a HF1001
|b .B29 1987
|
| 082 |
0 |
|
|a 650/.03/21
|2 19
|
| 100 |
1 |
|
|a Barrow, Colin.
|
| 245 |
1 |
0 |
|a Pocket entrepreneur /
|c Colin Barrow.
|
| 264 |
|
1 |
|a Oxford, UK ;
|a New York, NY, USA :
|b B. Blackwell ;
|a London :
|b Economist Publishers,
|c 1987.
|
| 300 |
|
|
|a viii, 205 pages :
|b illustrations ;
|c 23 cm.
|
| 336 |
|
|
|a text
|b txt
|2 rdacontent
|
| 337 |
|
|
|a unmediated
|b n
|2 rdamedia
|
| 338 |
|
|
|a volume
|b nc
|2 rdacarrier
|
| 504 |
|
|
|a Bibliography: page 205.
|
| 650 |
|
0 |
|a Business
|v Dictionaries.
|
| 650 |
|
0 |
|a Management
|v Dictionaries.
|
| 710 |
2 |
|
|a Economist (London, England)
|
| 740 |
0 |
|
|a Economist pocket entrepreneur.
|
| 999 |
|
|
|a MARS
|
| 999 |
f |
f |
|s 853c34ee-ef7f-3f3b-9554-d8ceeaa549ea
|i 886ecb7d-cfef-38e4-92ef-48fcf1c48130
|t 0
|
| 952 |
f |
f |
|p ric
|a Texas A&M University
|b Rellis Campus
|c Joint Library Facility
|d Remote Storage
|t 0
|e HF1001 .B29 1987
|h Library of Congress classification
|i unmediated -- volume
|m A14812574850
|
| 998 |
f |
f |
|a HF1001 .B29 1987
|t 0
|l Remote Storage
|